The Missing Tile And Other Stories (Record no. 67927)
[ view plain ]
| 000 -LEADER | |
|---|---|
| fixed length control field | 00258nam a22001097a 4500 |
| 082 ## - DEWEY DECIMAL CLASSIFICATION NUMBER | |
| Classification number | 823/IBR |
| 100 ## - MAIN ENTRY--AUTHOR NAME | |
| Personal name | Ibrahim,Saeed |
| 245 ## - TITLE STATEMENT | |
| Title | The Missing Tile And Other Stories |
| 260 ## - PUBLICATION, DISTRIBUTION, ETC. (IMPRINT) | |
| Place of publication | Chennai |
| Name of publisher | Notion Press Media |
| Year of publication | 2021 |
| 650 ## - SUBJECT ADDED ENTRY--TOPICAL TERM | |
| Topical Term | Story |
| 942 ## - ADDED ENTRY ELEMENTS (KOHA) | |
| Koha item type | Books |
| Withdrawn status | Lost status | Damaged status | Not for loan | Home library | Current library | Date acquired | Cost, normal purchase price | Full call number | Accession Number | Price effective from | Koha item type |
|---|---|---|---|---|---|---|---|---|---|---|---|
| MACL | MACL | 19/04/2025 | 295.00 | 823/IBR | DPI003561 | 19/04/2025 | Books | ||||
| MACL | MACL | 19/04/2025 | 295.00 | 823/IBR | DPI003562 | 19/04/2025 | Books |









